Value Education and Inspirational Quotes on Value Education// (Record no. 199729)

MARC details
000 -LEADER
fixed length control field 00879nam a22002417a 4500
005 - DATE AND TIME OF LATEST TRANSACTION
control field 20231220151328.0
010 ## - LCCN (DPL NO)
LC control number ENG-138665 ENG-138664
020 ## - INTERNATIONAL STANDARD BOOK NUMBER
Terms of availability 995.00
International Standard Book Number 9789393897834
020 ## - INTERNATIONAL STANDARD BOOK NUMBER
Terms of availability 300.00
International Standard Book Number 9789390897780
035 ## - SYSTEM CONTROL NUMBER
System control number EN-122197 EN-122196
037 ## - SOURCE OF ACQUISITION
Source of stock number/acquisition DBAD/PUB
082 ## - DEWEY DECIMAL CLASSIFICATION NUMBER
Classification number 370.114
Edition number 1
100 ## - MAIN ENTRY--PERSONAL NAME
Personal name Ruhela, S.P
245 ## - TITLE STATEMENT
Title Value Education and Inspirational Quotes on Value Education//
Remainder of title By S.P Ruhela; Raju G and Sushila Devi Ruhela
250 ## - EDITION STATEMENT
Edition statement 1
260 ## - PUBLICATION, DISTRIBUTION, ETC. (IMPRINT)
Place of publication, distribution, etc New Delhi
Name of publisher, distributor, etc Neelkamal Publications
Date of publication, distribution, etc 2020
270 ## - ADDRESS
Address 4764/1, 23, Ansari Road, Daryaganj
City New Delhi
Postal code 110002
Telephone number 011-23244237
-- 98118-28953
Electronic mail address neelkamalbooks@gmail.com
300 ## - PHYSICAL DESCRIPTION
Extent xviii+173p.
Dimensions 24cm(hbk)
300 ## - PHYSICAL DESCRIPTION
Extent xviii+173p.
Dimensions 24cm(pbk)
700 ## - ADDED ENTRY--PERSONAL NAME
Personal name G, Raju
Relator term Author
9 (RLIN) 60064
700 ## - ADDED ENTRY--PERSONAL NAME
Personal name Ruhela, Sushila Devi
Relator term Author
9 (RLIN) 60065
942 ## - ADDED ENTRY ELEMENTS (KOHA)
Source of classification or shelving scheme Dewey Decimal Classification
Item type English Books
Classification part 370.114
Call number suffix RUH
Edition 1
Holdings
Withdrawn status Lost status Not for loan Collection code Home library Current library Date acquired Source of acquisition Cost, normal purchase price Full call number Barcode Copy number Cost, replacement price Koha item type
      Non-fiction Ashok Vihar Ashok Vihar 20/12/2023 DBAD 995.00 370.114 RUH EN-122196 1 995.00 English Books
      Non-fiction Sarojini Nagar Sarojini Nagar 20/12/2023 DBAD/PUB 300.00 370.114 RUH EN-122197 1 300.00 English Books

© Delhi Public Library
Hit Counter
free hit counter